1990 1319 1977 1603 1341 1140 1581 1487 1837 1122 1267 1479 1332 1373 1904 1899 1527 1034 1433 1536 1142 1992 1373 1135 1888 1045 1638 1969 1143 1035 1613 1940 1152 1644 1613 1360 1856 1479 1830 1438 1872 1872 1007 1479 1182 1197 1449 1936 1111 1187 1759 1480 1899 1843 1574 1446 1764 1956 1158 1921 1949 1136 1255 1999 1651 1091 1733 1024 1530 1360 1148 1550 1123 1683 1940 1622 1722 1285 1831 1343 1471 1892 1004 1836 1784 1639 1001 1844 1694 1406 1130 1521 1787 1829 1091 1099 1606 1766 1908 BCNSPRNW ULIB Ver.6.0+V

เปลี่ยนเป็นภาษาไทย

Change to English
 แสดงรายละเอียดบรรณานุกรม
  กลับหน้าหลัก

Brief Record : Get Marc (ISO 2709) : E-mail record : QR code < ปิดหน้าต่าง
LEADER : 00000nam 2200000uu 4500
001    13399113550
003     ULIB
008    111125s2553||||th 000 0 tha d
020    ^a9786167123578
090    ^aนว.^bร165ร 2553
100 0  ^aรวิสิตางค์
245 00 ^aแรกรักปักใจ/^cรวิสิตางค์
250    ^aพิมพ์ครั้งที่ 2
260    ^aกรุงเทพฯ :^bGreen Mind,^c2553
300    ^a251 หน้า
710 1  ^aGreen Mind
945    ^p189^l0^i17049
995    ^aกัณชพร
999    ^aใช้งานได้ทุกระบบ
รายการนี้ยังไม่มีแท็ก
คุณยังไม่ได้ล็อกอิน คุณสามารถมีกิจกรรมร่วมกับเว็บไซต์ได้ แต่ต้องล็อกอินก่อน ::
  ล็อกอิน

รายการสื่อสารสนเทศ

ลำดับที่ ประเภท เลขเรียก/บาร์โค้ด สถานที่ สถานะ
1. วิทยาศาสตร์การแพทย์ และสุขภาพ
วิทยาศาสตร์การแพทย์ และสุขภาพ
นว. ร165ร 2553  
  Barcode: 17049
ห้องสมุดวิทยาเขตสวรรค์ประชารักษ์
►นวนิยาย
บนชั้น
  ขอยืม

BibComment


ยังไม่เคยถูกคอมเมนท์

คอมเมนท์ทรัพยากรรายการนี้
  คอมเมนท์: แรกรักปักใจ รวิส..


 Copyright 2026. Bcnsprnw @Library